000 00674nam a2200193Ia 4500
005 20230410144830.0
008 131103s9999 xx 000 0 und d
020 _a8185586004
_cRs.65
040 _aLoreto College
041 _aEnglish
082 _a823.8
_bBHA
245 _aKatha prize stories
_b the best short fiction published during 1987 - 1990 in ten Indian languages, chosen by a panel of distinguised writers and scholars
_cedited by Rimli Bhattacharya [and] Gita Dharmaranjan
260 _aCalcutta
_bRupa
_c1991
300 _a183 p.[9]
504 _aIncludes bibliographical references
700 _aBhattacharya,Rimli,ed.
850 _aLCLIB
942 _cBK
999 _c4567
_d55046